Sports Quiz

Random Sports or Football Quiz
Score 0/21 Timer 04:00
2 Plays Today
Number of Weeks School % Correct
245Oklahoma State
73.1%
303Stanford
72.9%
168Arizona
71.9%
109Kansas
71.3%
161Washington State
70.1%
141Texas Tech
68.8%
286Arizona State
68.6%
304Virginia Tech
67.2%
172Duke
65.6%
214Kansas State
64.8%
306Georgia Tech
62%
Number of Weeks School % Correct
161North Carolina State
61.6%
211Baylor
60.1%
138Utah
56.8%
181Illinois
54.7%
187South Carolina
52.9%
306West Virginia
52.7%
141Louisville
49.4%
139Navy
40.4%
163Boise State
39.5%
194Houston
37.5%
Come Together.
Have Fun.
All Virtual.
We all need to come together. Play Sporcle's virtual live trivia to have fun, connect with people, and get your trivia on. Join a live hosted trivia game for your favorite pub trivia experience done virtually. If a virtual private party is more your thing, go here for details.

You're not logged in!

Compare scores with friends on all Sporcle quizzes.
OR
Log In

Sporcle TV

Today on Sporcle TV


Watch our educational content, quiz creation guides, and fun videos on Sporcle TV.

Show Comments

Extras

Top Quizzes Today


Score Distribution

Paid Content

Your Account Isn't Verified!

In order to create a playlist on Sporcle, you need to verify the email address you used during registration. Go to your Sporcle Settings to finish the process.

Report this User

Report this user for behavior that violates our Community Guidelines.

Details: